000 00311nam a22001337a 4500
008 171005b xxu||||| |||| 00| 0 eng d
020 _a9781444337471
041 _aeng
080 _23RD
_a519.9
100 _a48
101 _aPSI
245 _aMONITORING THE CRITICALLY ILL PATIENT
_cJEVON,P
942 _2udc
_cBK
999 _c31848
_d31848